Les Pokémon de couleur Rose - Statistiques

Statistiques générales
  • Ce quiz a été pris 5 fois
  • Le résultat moyen est 34 sur 72
Statistiques - réponses
Nom % Correct
0151 Mew
100%
0856 Bibichut
67%
0420 Ceribou
67%
0421 Ceriflor Temps Ensoleillé
67%
0857 Chapotus
67%
0683 Cocotine
67%
0682 Fluvetin
67%
0860 Fourbelin
67%
0859 Grimalin
67%
0040 Grodoudou
67%
0180 Lainergie
67%
0370 Lovdisc
67%
0594 Mamanbo
67%
0036 Méga-Mélodelfe
67%
0173 Mélo
67%
0036 Mélodelfe
67%
0035 Mélofée
67%
0439 Mime Jr.
67%
0122 M. Mime
67%
0700 Nymphali
67%
0741 Plumeline Style Hula
67%
0137 Porygon
67%
0666 Prismillon Motif Fantaisie
67%
0666 Prismillon Motif Floraison
67%
0039 Rondoudou
67%
0368 Rosabyss
67%
0858 Sorcilence
67%
0174 Toudoudou
67%
0905 Amovénus
33%
0869 Charmilly Lait Ruby
33%
0760 Chelours
33%
0293 Chuchmur
33%
0222 Corayon
33%
0463 Coudlangue
33%
0481 Créfollet
33%
0779 Denticrisse
33%
0719 Diancie
33%
0241 Écrémeuh
33%
0108 Excelangue
33%
0968 Ferdeter
33%
0080 Flagadoss
33%
0080 Flagadoss de Galar
33%
0973 Flamenroule
33%
0754 Floramantis
33%
0959 Forgelina
33%
0958 Forgella
33%
0957 Forgerette
33%
0187 Granivol
33%
0985 Hurle-Queue
33%
0242 Leuphorie
33%
0113 Leveinard
33%
0238 Lippouti
33%
0719 Méga-Diancie
33%
0080 Méga-Flagadoss
33%
0978 Méga-Nigirigon Forme Affalée
33%
0350 Milobellus
33%
0753 Mimantis
33%
0517 Munna
33%
0518 Mushana
33%
0531 Nanméouïe
33%
0978 Nigirigon Forme Affalée
33%
0102 Noeunoeuf
33%
0759 Nounourson
33%
0440 Ptiravi
33%
0079 Ramoloss
33%
0079 Ramoloss de Galar
33%
0199 Roigada
33%
0199 Roigada de Galar
33%
0300 Skitty
33%
0209 Snubbull
33%
0786 Tokopiyon
33%
0585 Vivaldaim Forme Printemps
33%
Aucun quiz correspondant
Distribution des résultats
% des personnes avec chaque résultat
Percentile par nombre de réponses
Votre historique - résultats
Vous n’avez pas pris ce quiz